[Event "Plzen, FSB B"]
[Site "?"]
[Date "2004.??.??"]
[Round "1.1"]
[White "Iwanow, A."]
[Black "Sulista, D."]
[Result "0-1"]
[WhiteElo "1800"]
[BlackElo "1494"]
[PlyCount "62"]
[EventDate "2004.??.??"]
[Source "ChessBase"]
[SourceDate "1996.11.15"]

1. e4 e5 2. Nf3 Nc6 3. Bc4 Nf6 4. Ng5 d5 5. exd5 Na5 6. Bb5+ Bd7 7. Bxd7+ Qxd7
8. O-O O-O-O 9. d3 Nxd5 10. Re1 h6 11. Nf3 f6 12. Nc3 g5 13. Nxd5 Qxd5 14. Nd2
h5 15. Qf3 Qe6 16. Ne4 Be7 17. Bd2 Nc6 18. a3 g4 19. Qd1 h4 20. b4 h3 21. f3
gxf3 22. Qxf3 Nd4 23. Qd1 hxg2 24. Nf2 Rdg8 25. c3 Nf5 26. Qf3 Nh4 27. Qe3 Bd6
28. Ne4 b6 29. Nxd6+ cxd6 30. Qe4 d5 31. Qe3 Qf5 0-1

[Event "Plzen, FSB B"]
[Site "?"]
[Date "2004.??.??"]
[Round "1.2"]
[White "Cisler, M."]
[Black "Havlik, J."]
[Result "0-1"]
[WhiteElo "1485"]
[BlackElo "1775"]
[PlyCount "34"]
[EventDate "2004.??.??"]
[Source "ChessBase"]
[SourceDate "1996.11.15"]

1. e4 e6 2. d4 d5 3. e5 c5 4. c3 Nc6 5. Nf3 Qb6 6. Bd3 cxd4 7. cxd4 Bd7 8. O-O
Nxd4 9. Nxd4 Qxd4 10. Nc3 Qxe5 11. Re1 Qd6 12. Nb5 Qb6 13. Qb3 Bc5 14. Be3 Bxe3
15. Rxe3 a6 16. Na3 Qxb3 17. axb3 Nf6 {58 tahu} 0-1

[Event "Plzen, FSB B"]
[Site "?"]
[Date "2004.??.??"]
[Round "1.3"]
[White "Kubat, M."]
[Black "Hrouza, M."]
[Result "1-0"]
[WhiteElo "1746"]
[BlackElo "1419"]
[PlyCount "83"]
[EventDate "2004.??.??"]
[Source "ChessBase"]
[SourceDate "1996.11.15"]

1. e4 e5 2. f4 d6 3. Nf3 Nc6 4. Bc4 Nf6 5. Nc3 Bg4 6. h3 Bh5 7. Be2 exf4 8. d3
Be7 9. O-O Bxf3 10. Bxf3 g5 11. b3 Qd7 12. Bb2 Nd4 13. Nd5 Nxd5 14. Bxd4 Ne3
15. Bxe3 fxe3 16. Qe2 Bf6 17. Rac1 Qe7 18. Bh5 O-O 19. Qxe3 c5 20. Qf3 Bd4+ 21.
Kh1 Rac8 22. Bg4 Rc7 23. Qe2 Be5 24. Bf5 f6 25. c3 Rd8 26. Qf3 Qf7 27. Qe2 a6
28. Qf2 Bf4 29. Rce1 d5 30. exd5 Qf8 31. Be6+ Kg7 32. Qe2 Re7 33. Qd1 Rd6 34.
Rf3 Rb6 35. d4 Bd6 36. Ref1 Rb5 37. a4 Rb6 38. dxc5 Bxc5 39. b4 Bd6 40. Rxf6
Qd8 41. Qd4 Re8 42. Rf7+ 1-0

[Event "Plzen, FSB B"]
[Site "?"]
[Date "2004.??.??"]
[Round "1.4"]
[White "Uzel, J."]
[Black "Pospisil, A."]
[Result "0-1"]
[WhiteElo "1408"]
[BlackElo "1737"]
[PlyCount "68"]
[EventDate "2004.??.??"]
[Source "ChessBase"]
[SourceDate "1996.11.15"]

1. e4 e5 2. Nf3 Nf6 3. Nc3 Nc6 4. d4 exd4 5. Nxd4 Bb4 6. f3 Bxc3+ 7. bxc3 d5 8.
Nxc6 bxc6 9. Bg5 h6 10. Bxf6 Qxf6 11. Qd4 O-O 12. Qxf6 gxf6 13. Rb1 Re8 14. Bd3
f5 15. O-O fxe4 16. fxe4 dxe4 17. Bc4 Be6 18. Bxe6 Rxe6 19. Rb2 Re7 20. Rf6 e3
21. Kf1 Rd8 22. Rb1 Rd2 23. Rf3 Rxc2 24. Rg3+ Kh7 25. Re1 Rxc3 26. Ke2 Ra3 27.
Rb1 Rxa2+ 28. Kd3 e2 29. Rb8 e1=Q 30. Rbg8 Qe4+ 31. Kc3 Ra3+ 32. Kb2 Qb4+ 33.
Kc2 Re2+ 34. Kd1 Qd2# 0-1

[Event "Plzen, FSB B"]
[Site "?"]
[Date "2004.??.??"]
[Round "1.5"]
[White "Benak, J."]
[Black "Bauer, T."]
[Result "1-0"]
[WhiteElo "1730"]
[BlackElo "1395"]
[PlyCount "88"]
[EventDate "2004.??.??"]
[Source "ChessBase"]
[SourceDate "1996.11.15"]

1. e4 e5 2. Nf3 Nf6 3. Nc3 Bb4 4. Bc4 d6 5. O-O Bg4 6. d3 Bxc3 7. bxc3 O-O 8.
Bg5 Nbd7 9. Qd2 Bxf3 10. gxf3 h6 11. Bh4 Nxe4 12. Qxh6 gxh6 13. Bxd8 Nd2 14.
Bxc7 Nxc4 15. dxc4 Rfc8 16. Bxd6 Rxc4 17. Rfd1 Rxc3 18. Rab1 b6 19. Bb4 Rc7 20.
Rd6 f6 21. Rbd1 Rd8 22. Rxf6 Nxf6 23. Rxd8+ Kf7 24. Rd2 a5 25. Bd6 Rd7 26. Rd3
Ke6 27. Ba3 Rxd3 28. cxd3 Nd5 29. Kf1 Nc3 30. Bc1 Nxa2 31. Bxh6 b5 32. Ke1 b4
33. Kd2 b3 34. Bf8 Kf5 35. h4 Nb4 36. Bxb4 axb4 37. Kc1 Kg6 38. Kb2 Kh5 39.
Kxb3 Kxh4 40. Kxb4 Kg5 41. Kc5 Kf4 42. Kd6 Kf5 43. Kd5 Kf6 44. Ke4 Ke6 1-0

[Event "Plzen, FSB B"]
[Site "?"]
[Date "2004.??.??"]
[Round "1.6"]
[White "Kracikova, K."]
[Black "Jonas, V."]
[Result "0-1"]
[WhiteElo "1374"]
[BlackElo "1716"]
[PlyCount "69"]
[EventDate "2004.??.??"]
[Source "ChessBase"]
[SourceDate "1996.11.15"]

1. e4 e5 2. d4 exd4 3. Bc4 Nc6 4. c3 d3 5. Bxd3 d5 6. Nd2 Nf6 7. Qe2 Be7 8.
Ndf3 Bg4 9. h3 Bxf3 10. Nxf3 dxe4 11. Bxe4 Nxe4 12. Qxe4 O-O 13. O-O Re8 14.
Be3 Bc5 15. Qf4 Bxe3 16. fxe3 Qe7 17. Rae1 Rad8 18. Nd4 Ne5 19. e4 Nd3 20. Nf5
Qe6 21. Nxg7 Nxf4 22. Nxe6 Nxe6 23. Rf5 Rd7 24. b4 Red8 25. Ref1 Re7 26. e5 Rd3
27. c4 c5 28. bxc5 Nxc5 29. Rg5+ Kf8 30. Re1 Rd4 31. e6 Nxe6 32. Rb5 Rxc4 33.
Rb2 Nc5 34. Rxe7 Kxe7 35. Kf2 0-1

[Event "Plzen, FSB B"]
[Site "?"]
[Date "2004.??.??"]
[Round "1.7"]
[White "Palkova, K."]
[Black "Posmurny, O."]
[Result "1/2-1/2"]
[WhiteElo "1713"]
[BlackElo "1250"]
[PlyCount "127"]
[EventDate "2004.??.??"]
[Source "ChessBase"]
[SourceDate "1996.11.15"]

1. e4 Nf6 2. Nc3 d5 3. e5 Nfd7 4. Nf3 Nb6 5. d4 Bg4 6. h3 Bh5 7. Be2 h6 8. Be3
e6 9. O-O c5 10. Nh2 Bxe2 11. Qxe2 Nc6 12. Nf3 c4 13. a3 Nd7 14. Nd2 b5 15. f4
g6 16. b3 Qa5 17. Ncb1 Nb6 18. bxc4 bxc4 19. Nf3 Rb8 20. Bd2 Qa6 21. Nc3 Kd7
22. a4 Be7 23. Rfb1 Na8 24. Rb5 Rxb5 25. Nxb5 Nc7 26. Nxc7 Kxc7 27. Bc3 Rb8 28.
Nh2 Rb6 29. Ng4 h5 30. Nh6 Nd8 31. Qd2 Bf8 32. Ng8 Kc8 33. Nf6 Nc6 34. Qd1 Qb7
35. f5 Ne7 36. fxe6 fxe6 37. Qf1 Bh6 38. a5 Rb5 39. Ne8 Nf5 40. g4 Qe7 41. gxf5
Qxe8 42. f6 Rb7 43. Rb1 Rc7 44. Qe1 g5 45. Bb4 Qg6 46. Bd6 g4 47. h4 Qxc2 48.
Bxc7 Kxc7 49. f7 g3 50. Kf1 g2+ 51. Kg1 Be3+ 52. Qxe3 Qxb1+ 53. Kxg2 Qg6+ 54.
Qg3 Qxf7 55. Qa3 Qg7+ 56. Kh2 Qd7 57. Qc5+ Kb7 58. a6+ Kxa6 59. Qa3+ Kb7 60.
Qb4+ Ka8 61. Qf8+ Kb7 62. Qb4+ Ka8 63. Qf8+ Kb7 64. Qb4+ 1/2-1/2

[Event "Plzen, FSB B"]
[Site "?"]
[Date "2004.??.??"]
[Round "1.8"]
[White "Valek, T."]
[Black "Reitinger, J."]
[Result "1-0"]
[WhiteElo "1250"]
[BlackElo "1707"]
[PlyCount "137"]
[EventDate "2004.??.??"]
[Source "ChessBase"]
[SourceDate "1996.11.15"]

1. e4 e6 2. d4 d5 3. e5 c5 4. c3 Nc6 5. Nf3 Qb6 6. Be2 cxd4 7. cxd4 Nh6 8. O-O
Nf5 9. Nc3 Nfxd4 10. Be3 Nxf3+ 11. Bxf3 Qc7 12. Bf4 a6 13. Bg3 Be7 14. Nxd5
exd5 15. e6 Qd8 16. exf7+ Kf8 17. Bxd5 Nb4 18. Bb3 Qxd1 19. Raxd1 Bf5 20. Rd6
Bg6 21. Rb6 Bxf7 22. Rxb7 Bxb3 23. axb3 Re8 24. Re1 Nd5 25. Ra7 a5 26. Re6 Kf7
27. Re1 Ra8 28. Rd7 Rhd8 29. Rb7 Ke8 30. Bh4 Rd7 31. Rb5 Raa7 32. h3 Kf7 33.
Bxe7 Nxe7 34. Ree5 Nc6 35. Rf5+ Ke6 36. Rh5 g6 37. Rh4 Rd2 38. Rb6 Kd6 39. Rc4
Rc7 40. b4 axb4 41. Rcxb4 Ke5 42. Rc4 Kd5 43. b3 Rd1+ 44. Kh2 Rd2 45. Rb5+ Kd6
46. f4 Nd4 47. Rb6+ Rc6 48. Rcxc6+ Nxc6 49. Rb7 h5 50. b4 Rb2 51. b5 Ne7 52.
Rb6+ Kd5 53. Kg3 Nf5+ 54. Kh2 Nh4 55. Kg3 Rxg2+ 56. Kxh4 Ke4 57. Rf6 Rb2 58. b6
Rb4 59. Kg5 Rb3 60. Kxg6 Rxh3 61. b7 Rb3 62. Rf7 h4 63. f5 Rb6+ 64. f6 h3 65.
Rh7 Ke5 66. b8=Q+ Rxb8 67. f7 Ke6 68. Kg7 Ke7 69. Rxh3 1-0

[Event "Plzen, FSB B"]
[Site "?"]
[Date "2004.??.??"]
[Round "1.9"]
[White "Havlikova, K."]
[Black "Kucera, M."]
[Result "1-0"]
[WhiteElo "1620"]
[BlackElo "1100"]
[PlyCount "45"]
[EventDate "2004.??.??"]
[Source "ChessBase"]
[SourceDate "1996.11.15"]

1. e4 e5 2. Nf3 Nc6 3. d4 exd4 4. c3 dxc3 5. Bc4 Bc5 6. Bxf7+ Kxf7 7. Qd5+ Ke8
8. Qh5+ g6 9. Qxc5 Nge7 10. Nxc3 d6 11. Qc4 Ne5 12. Nxe5 dxe5 13. O-O Bg4 14.
Qb5+ Kf7 15. Qxe5 Qd7 16. Bg5 Rae8 17. Qf6+ Kg8 18. f3 Be6 19. Rad1 Bd5 20.
Nxd5 Nxd5 21. Rxd5 Qf7 22. Qxf7+ Kxf7 23. Rd7+ {52 tahu} 1-0

[Event "Plzen, FSB B"]
[Site "?"]
[Date "2004.??.??"]
[Round "1.10"]
[White "Krizek, M."]
[Black "Oresky, J."]
[Result "0-1"]
[WhiteElo "1100"]
[BlackElo "1582"]
[PlyCount "60"]
[EventDate "2004.??.??"]
[Source "ChessBase"]
[SourceDate "1996.11.15"]

1. e4 c5 2. Nf3 d6 3. d4 cxd4 4. Nxd4 Nf6 5. Nc3 g6 6. f4 Bg7 7. Bc4 Qc7 8. Bb3
a6 9. O-O O-O 10. Re1 Nc6 11. Nd5 Nxd5 12. Nxc6 bxc6 13. exd5 c5 14. c3 Re8 15.
Bc2 Bd7 16. Rb1 Rab8 17. Bd2 e6 18. dxe6 Bxe6 19. Ba4 Bd7 20. Rxe8+ Rxe8 21.
Bxd7 Qxd7 22. Qf1 Qf5 23. Re1 Rxe1 24. Qxe1 Qd3 25. f5 Be5 26. fxg6 hxg6 27. b4
cxb4 28. cxb4 Kg7 29. Qd1 Qd4+ 30. Kh1 Bf4 0-1

[Event "Plzen, FSB B"]
[Site "?"]
[Date "2004.??.??"]
[Round "1.11"]
[White "Rehak, J."]
[Black "Lorenc, D."]
[Result "1-0"]
[WhiteElo "1545"]
[BlackElo "1100"]
[PlyCount "63"]
[EventDate "2004.??.??"]
[Source "ChessBase"]
[SourceDate "1996.11.15"]

1. e4 e5 2. Nc3 Nf6 3. f4 exf4 4. e5 Ng8 5. Nf3 Bc5 6. d4 Bb4 7. Bxf4 d6 8. Bc4
d5 9. Bd3 Nc6 10. O-O Bg4 11. h3 Bxf3 12. Qxf3 Nxd4 13. Qxd5 Qxd5 14. Nxd5 Bc5
15. Kh1 O-O-O 16. Nc3 Nh6 17. Bxh6 gxh6 18. Rxf7 Rde8 19. Re1 Re6 20. Na4 Be7
21. c3 Nc6 22. Bf5 Kd7 23. Rd1+ Ke8 24. Bxe6 Nxe5 25. Rf5 Nc6 26. Bd7+ Kd8 27.
Bxc6+ Kc8 28. Rf7 Bg5 29. Rdd7 bxc6 30. Rxc7+ Kd8 31. Rxa7 Re8 32. Ra8# 1-0

[Event "Plzen, FSB B"]
[Site "?"]
[Date "2004.??.??"]
[Round "1.12"]
[White "Steinhauser, V."]
[Black "Chlad, L."]
[Result "0-1"]
[WhiteElo "1100"]
[BlackElo "1544"]
[PlyCount "78"]
[EventDate "2004.??.??"]
[Source "ChessBase"]
[SourceDate "1996.11.15"]

1. e4 c5 2. Nf3 Nc6 3. Bc4 g6 4. Nc3 Bg7 5. O-O Nf6 6. d3 O-O 7. Bf4 d6 8. Qd2
Re8 9. Qe3 a6 10. Bg3 b5 11. Bb3 Rb8 12. Bf4 a5 13. a3 Ba6 14. Nd5 a4 15. Ba2
c4 16. Nxf6+ Bxf6 17. Rfd1 Bxb2 18. Rab1 Bg7 19. d4 Rb7 20. d5 Ne5 21. Bxe5
Bxe5 22. Nxe5 dxe5 23. Re1 Qb6 24. Qh3 Qd6 25. Qh6 Qf6 26. Re3 Qg7 27. Qh4 Reb8
28. Rh3 b4 29. axb4 Rxb4 30. Rxb4 Rxb4 31. g3 f6 32. Kg2 Rb2 33. Bxc4 Bxc4 34.
g4 Ra2 35. f3 Rxc2+ 36. Kg3 Bf1 37. f4 Rc3+ 38. Kf2 Rxh3 39. Kxf1 Rxh4 0-1

[Event "Plzen, FSB B"]
[Site "?"]
[Date "2004.??.??"]
[Round "1.13"]
[White "Zivec, J."]
[Black "Steinhauserova, A."]
[Result "1-0"]
[WhiteElo "1527"]
[BlackElo "1100"]
[PlyCount "61"]
[EventDate "2004.??.??"]
[Source "ChessBase"]
[SourceDate "1996.11.15"]

1. e4 c5 2. Nf3 d6 3. d4 cxd4 4. Nxd4 Nf6 5. Nc3 g6 6. Be3 Bg7 7. f3 O-O 8. Bc4
Nc6 9. O-O Bd7 10. a3 Rc8 11. Ba2 Qb6 12. Na4 Qa5 13. Nxc6 Rxc6 14. Nc3 Ne8 15.
b4 Qd8 16. Bd4 Bxd4+ 17. Qxd4 Qb6 18. Qxb6 axb6 19. Nd5 Rxc2 20. Nxe7+ Kg7 21.
Rfc1 Rxc1+ 22. Rxc1 Nf6 23. Rc7 Re8 24. Nd5 Rb8 25. Nxf6 Kxf6 26. Rxd7 Rc8 27.
Rxf7+ Kg5 28. Bd5 Rc1+ 29. Kf2 Rc2+ 30. Kg3 h5 31. h4+ 1-0

[Event "Plzen, FSB B"]
[Site "?"]
[Date "2004.??.??"]
[Round "1.14"]
[White "Simecek, J."]
[Black "Krlis, J."]
[Result "1/2-1/2"]
[WhiteElo "1100"]
[BlackElo "1519"]
[PlyCount "45"]
[EventDate "2004.??.??"]
[Source "ChessBase"]
[SourceDate "1996.11.15"]

1. e4 d5 2. exd5 Nf6 3. Bc4 Nxd5 4. Bxd5 Qxd5 5. Qf3 Qxf3 6. Nxf3 Bf5 7. Nd4
Bd7 8. d3 e5 9. Nf3 Nc6 10. a3 f6 11. Be3 O-O-O 12. O-O g5 13. Nc3 g4 14. Nd2
f5 15. f3 f4 16. Bf2 h5 17. Nce4 Be7 18. g3 Rdg8 19. c3 h4 20. Rfe1 Rg7 21. Kf1
hxg3 22. hxg3 Rhg8 23. Kg2 1/2-1/2

[Event "Plzen, FSB B"]
[Site "?"]
[Date "2004.??.??"]
[Round "1.15"]
[White "Simlova, J."]
[Black "Siml, O."]
[Result "1-0"]
[WhiteElo "1508"]
[BlackElo "1100"]
[PlyCount "39"]
[EventDate "2004.??.??"]
[Source "ChessBase"]
[SourceDate "1996.11.15"]

1. e4 e5 2. Nf3 Nc6 3. d4 exd4 4. c3 dxc3 5. Bc4 Nf6 6. Nxc3 Bc5 7. e5 Ng4 8.
Ne4 Bb4+ 9. Nfd2 d5 10. exd6 cxd6 11. a3 Ba5 12. b4 Bb6 13. Nf3 Bc7 14. O-O O-O
15. Bb2 Be6 16. Bxe6 fxe6 17. Nfg5 d5 18. Qxg4 dxe4 19. Nxe6 Qd6 20. Qxg7# 1-0

[Event "Plzen, FSB B"]
[Site "?"]
[Date "2004.??.??"]
[Round "1.16"]
[White "Balhar, J."]
[Black "Pokorny, J."]
[Result "1-0"]
[WhiteElo "1000"]
[BlackElo "1499"]
[PlyCount "143"]
[EventDate "2004.??.??"]
[Source "ChessBase"]
[SourceDate "1996.11.15"]

1. Nf3 Nf6 2. c4 c5 3. Nc3 Nc6 4. d4 cxd4 5. Nxd4 g6 6. e4 d6 7. Be2 Bg7 8. Be3
O-O 9. O-O Bd7 10. Rc1 Rc8 11. f3 Qa5 12. Nb3 Qd8 13. Qd2 Nh5 14. Rfd1 b6 15.
f4 Nf6 16. h3 Rb8 17. Bf3 Qc8 18. Kh2 Rd8 19. Qf2 Ne8 20. g4 Nb4 21. Be2 Bc6
22. Nd5 Bxd5 23. cxd5 Qb7 24. a3 Na6 25. Nd4 Bxd4 26. Bxd4 Nf6 27. Qe3 Nc5 28.
Bf3 Qa6 29. g5 Ne8 30. Be2 Qb7 31. b4 Nd7 32. Bb5 Nc7 33. Bc6 Qc8 34. a4 e5 35.
dxe6 Nxe6 36. Bb2 Kf8 37. f5 Ng7 38. fxg6 hxg6 39. Rf1 Ne6 40. Bd5 Nc7 41.
Rxf7+ Ke8 42. Qf3 Nxd5 43. exd5 Ne5 44. Bxe5 Qxc1 45. Rf8+ Kd7 46. Rf7+ Ke8 47.
Rxa7 Qd2+ 48. Kg1 Qxg5+ 49. Kh1 Qc1+ 50. Kg2 Qd2+ 51. Kf1 Qc1+ 52. Kf2 Qc2+ 53.
Kg3 Qf5 54. Qxf5 gxf5 55. Bf4 Rd7 56. Ra6 Rg7+ 57. Kf3 Rh7 58. Bxd6 Rxh3+ 59.
Kg2 Rd8 60. Bc7 Rh6 61. Bxd8 Kxd8 62. a5 Rd6 63. Rxb6 Rxd5 64. Rb7 Rd6 65. b5
Rf6 66. a6 Kc8 67. Kf3 f4 68. b6 Rf8 69. Rc7+ Kb8 70. Re7 Rd8 71. Kxf4 Ka8 72.
Ke5 1-0

[Event "Plzen, FSB B"]
[Site "?"]
[Date "2004.??.??"]
[Round "1.17"]
[White "Konig, M."]
[Black "Karbusicky, O."]
[Result "1-0"]
[WhiteElo "1274"]
[BlackElo "1258"]
[PlyCount "31"]
[EventDate "2004.??.??"]
[Source "ChessBase"]
[SourceDate "1996.11.15"]

1. d4 d5 2. c4 Nf6 3. Nc3 e6 4. e3 Nc6 5. Nf3 Bb4 6. Bd2 b6 7. a3 Bd6 8. Nb5
Ba6 9. c5 bxc5 10. Nxd6+ Qxd6 11. Bxa6 c4 12. Bb5 Rb8 13. Bb4 Qd7 14. Ne5 Qc8
15. Bxc6+ Kd8 16. Nxf7# 1-0

[Event "Plzen, FSB B"]
[Site "?"]
[Date "2004.??.??"]
[Round "1.18"]
[White "Nebehaj, O."]
[Black "Drazsky, R."]
[Result "0-1"]
[WhiteElo "1250"]
[BlackElo "1250"]
[PlyCount "80"]
[EventDate "2004.??.??"]
[Source "ChessBase"]
[SourceDate "1996.11.15"]

1. e4 e5 2. Nf3 Nc6 3. Bc4 Nf6 4. Ng5 d5 5. exd5 Nxd5 6. d3 Nd4 7. Nc3 c6 8.
O-O Be7 9. Bxd5 cxd5 10. Nf3 Bg4 11. Re1 f6 12. h3 Nxf3+ 13. gxf3 Bxh3 14. d4
exd4 15. Qxd4 O-O 16. Qxd5+ Qxd5 17. Nxd5 Bd6 18. Bf4 Bxf4 19. Nxf4 Bf5 20. c3
Rfe8 21. Rxe8+ Rxe8 22. Rd1 Kf7 23. Rd5 Re5 24. Rxe5 fxe5 25. Nd5 Be6 26. Nc7
Bxa2 27. Nb5 Bd5 28. Nxa7 Bxf3 29. Nb5 Ke6 30. c4 Kd7 31. Nc3 Kc6 32. b4 b6 33.
Kh2 h5 34. Kg3 Bg4 35. f3 Be6 36. Kh4 g6 37. Kg5 Bxc4 38. Kxg6 h4 39. Kf5 h3
40. Ne4 Bd3 0-1

[Event "Plzen, FSB B"]
[Site "?"]
[Date "2004.??.??"]
[Round "1.19"]
[White "Kuca, T."]
[Black "Vachal, P."]
[Result "1/2-1/2"]
[WhiteElo "1250"]
[BlackElo "1100"]
[PlyCount "32"]
[EventDate "2004.??.??"]
[Source "ChessBase"]
[SourceDate "1996.11.15"]

1. e4 e5 2. Nf3 Nc6 3. Bb5 a6 4. Ba4 b5 5. Bb3 Nf6 6. d3 g6 7. O-O Bg7 8. Bg5
O-O 9. Nc3 Nd4 10. Nxd4 exd4 11. Nd5 c6 12. Nf4 h6 13. Bxf6 Qxf6 14. Ne2 Qh4
15. c3 dxc3 16. Nxc3 d6 1/2-1/2

[Event "Plzen, FSB B"]
[Site "?"]
[Date "2004.??.??"]
[Round "2.1"]
[White "Havlik, J."]
[Black "Zivec, J."]
[Result "1/2-1/2"]
[WhiteElo "1775"]
[BlackElo "1527"]
[PlyCount "124"]
[EventDate "2004.??.??"]
[Source "ChessBase"]
[SourceDate "1996.11.15"]

1. e4 e5 2. Nc3 Bb4 3. g3 Nf6 4. Bg2 Bc5 5. Nf3 Nc6 6. O-O d6 7. h3 O-O 8. d3
Nd7 9. Nd5 Nb6 10. Be3 Nxd5 11. Bxc5 dxc5 12. exd5 Qxd5 13. Re1 Qd6 14. Kh2 f6
15. Nh4 Nd4 16. c3 Ne6 17. Nf5 Qd7 18. Qb3 c6 19. Rad1 Kh8 20. Nh4 Qf7 21. Qc4
b5 22. Qe4 Bb7 23. Nf5 Qc7 24. Qg4 g6 25. Nh4 Qf7 26. Nf3 Qe7 27. Nd2 Rad8 28.
Nb3 Rc8 29. d4 f5 30. Qe2 e4 31. f3 f4 32. Qxe4 fxg3+ 33. Kh1 Rce8 34. Nxc5 Bc8
35. Qxc6 Qf7 36. Nxe6 Rxe6 37. Rxe6 Bxe6 38. Qe4 Bxa2 39. Qe5+ Kg8 40. Qxg3 Bd5
41. Rf1 Bc4 42. Re1 Bd5 43. Rf1 Bc4 44. Rf2 a5 45. Bf1 a4 46. Bxc4 Qxc4 47. f4
Qa2 48. Kh2 Qb1 49. Qg2 Qf5 50. Qg4 Qe4 51. f5 Qd5 52. Kg1 Rxf5 53. Rxf5 Qxf5
54. Qxf5 gxf5 55. Kf2 Kf7 56. Kf3 Ke6 57. Kf4 Kd5 58. Kxf5 b4 59. cxb4 Kxd4 60.
b5 Kc5 61. b6 Kxb6 62. Kg5 Kb5 1/2-1/2

[Event "Plzen, FSB B"]
[Site "?"]
[Date "2004.??.??"]
[Round "2.2"]
[White "Chlad, L."]
[Black "Kubat, M."]
[Result "0-1"]
[WhiteElo "1544"]
[BlackElo "1746"]
[PlyCount "54"]
[EventDate "2004.??.??"]
[Source "ChessBase"]
[SourceDate "1996.11.15"]

1. e4 c5 2. c3 d5 3. exd5 Qxd5 4. d4 cxd4 5. cxd4 e5 6. Nf3 exd4 7. Nxd4 Bc5 8.
Be3 Bb4+ 9. Nd2 Bxd2+ 10. Qxd2 Nf6 11. Bb5+ Bd7 12. Bxd7+ Nbxd7 13. O-O O-O 14.
Rfd1 Nb6 15. Qe2 Qe5 16. Nf3 Qe6 17. Rd2 Nfd5 18. Bc5 Qxe2 19. Rxe2 Rfd8 20.
Rae1 Nf4 21. Rc2 Rdc8 22. Rd1 Na4 23. Rd4 Rxc5 24. Rxc5 Ne2+ 25. Kf1 Nxd4 26.
Rc4 Nxf3 27. Rxa4 Ne5 0-1

[Event "Plzen, FSB B"]
[Site "?"]
[Date "2004.??.??"]
[Round "2.3"]
[White "Pospisil, A."]
[Black "Simlova, J."]
[Result "1-0"]
[WhiteElo "1737"]
[BlackElo "1508"]
[PlyCount "21"]
[EventDate "2004.??.??"]
[Source "ChessBase"]
[SourceDate "1996.11.15"]

1. d4 d5 2. Nf3 Bg4 3. Ne5 Nf6 4. Nxg4 Nxg4 5. e4 Nf6 6. e5 Nfd7 7. Bd3 c5 8.
e6 fxe6 9. Qh5+ g6 10. Bxg6+ hxg6 11. Qxg6# 1-0

[Event "Plzen, FSB B"]
[Site "?"]
[Date "2004.??.??"]
[Round "2.4"]
[White "Sulista, D."]
[Black "Benak, J."]
[Result "1-0"]
[WhiteElo "1494"]
[BlackElo "1730"]
[PlyCount "121"]
[EventDate "2004.??.??"]
[Source "ChessBase"]
[SourceDate "1996.11.15"]

1. c4 g6 2. Nc3 Bg7 3. d4 d6 4. Nf3 Nd7 5. Bf4 c5 6. e3 cxd4 7. exd4 e5 8. Be3
Ne7 9. Nb5 Nf8 10. dxe5 Nf5 11. exd6 Ne6 12. Rb1 O-O 13. a3 Re8 14. Be2 Nxe3
15. fxe3 Qb6 16. O-O Qxe3+ 17. Kh1 Bd7 18. Bd3 Bxb5 19. cxb5 Nc5 20. Bc2 Ne4
21. Bxe4 Qxe4 22. Ng5 Qe5 23. Nxf7 Qxb5 24. d7 Red8 25. Nxd8 Rxd8 26. Qe1 Qxd7
27. Rd1 Qxd1 28. Qxd1 Rxd1 29. Rxd1 Bxb2 30. Rd8+ Kg7 31. Rd7+ Kh6 32. a4 a5
33. Rxb7 Bc3 34. Rb5 g5 35. h3 Kh5 36. Kg1 h6 37. g3 Bb4 38. Kg2 Bc3 39. Rb6 g4
40. Rb5+ Kg6 41. hxg4 Bb4 42. Kf3 Be1 43. Ke4 Bd2 44. Kd3 Be1 45. Kc4 Bd2 46.
Rd5 Be1 47. Kb5 Bb4 48. Ka6 Be1 49. Rxa5 Bxa5 50. Kxa5 Kg5 51. Kb6 Kxg4 52. a5
Kxg3 53. a6 h5 54. a7 h4 55. a8=Q Kh2 56. Qa2+ Kg3 57. Qb3+ Kh2 58. Qc2+ Kg1
59. Qd1+ Kh2 60. Qe2+ Kg3 61. Qe1+ 1-0

[Event "Plzen, FSB B"]
[Site "?"]
[Date "2004.??.??"]
[Round "2.5"]
[White "Jonas, V."]
[Black "Konig, M."]
[Result "1-0"]
[WhiteElo "1716"]
[BlackElo "1274"]
[PlyCount "85"]
[EventDate "2004.??.??"]
[Source "ChessBase"]
[SourceDate "1996.11.15"]

1. e4 e5 2. Nf3 Nc6 3. d4 exd4 4. c3 d3 5. Bxd3 Bc5 6. O-O d6 7. Re1 Bg4 8. h3
Bh5 9. Bf4 Nge7 10. Nbd2 Ng6 11. Bg3 O-O 12. Qc2 Nge5 13. Nxe5 Nxe5 14. Be2 Bg6
15. Nc4 Re8 16. Nxe5 dxe5 17. Rad1 Qg5 18. Rd5 Bb6 19. Kf1 Rad8 20. Red1 c6 21.
Rxd8 Rxd8 22. h4 Rxd1+ 23. Qxd1 Qd8 24. Qc2 f6 25. Bc4+ Kh8 26. f3 Be3 27. Ke2
Bf4 28. Bxf4 exf4 29. Qd3 Qe7 30. Qd4 b6 31. Bb3 f5 32. e5 Qxh4 33. Qc4 Qd8 34.
Qxc6 Be8 35. Qd6 Qxd6 36. exd6 Bd7 37. Kd3 g5 38. Kd4 Kg7 39. Ke5 h5 40. Be6 g4
41. Bxd7 h4 42. Kxf4 h3 43. gxh3 1-0

[Event "Plzen, FSB B"]
[Site "?"]
[Date "2004.??.??"]
[Round "2.6"]
[White "Drazsky, R."]
[Black "Havlikova, K."]
[Result "0-1"]
[WhiteElo "1250"]
[BlackElo "1620"]
[PlyCount "68"]
[EventDate "2004.??.??"]
[Source "ChessBase"]
[SourceDate "1996.11.15"]

1. e4 c5 2. Nf3 Nc6 3. Bc4 g6 4. O-O Bg7 5. c3 e6 6. Bb3 Nge7 7. d4 cxd4 8.
cxd4 d5 9. e5 O-O 10. Nc3 a6 11. Ne2 Nf5 12. Bc2 f6 13. exf6 Bxf6 14. b4 e5 15.
Bb2 e4 16. Ne1 Qb6 17. Nc3 Rd8 18. Na4 Qa7 19. Rc1 Ncxd4 20. Kh1 b5 21. Nc3 Bg5
22. Rb1 Bb7 23. Ne2 Nxe2 24. Qxe2 Rac8 25. f3 Ne3 26. Rf2 exf3 27. Qxf3 Rf8 28.
Qg3 Nxc2 29. Rxf8+ Rxf8 30. Nxc2 Qf2 31. Qxf2 Rxf2 32. Nd4 Bf6 33. Kg1 Rxb2 34.
Rxb2 Bxd4+ {44 tahu} 0-1

[Event "Plzen, FSB B"]
[Site "?"]
[Date "2004.??.??"]
[Round "2.7"]
[White "Oresky, J."]
[Black "Valek, T."]
[Result "1-0"]
[WhiteElo "1582"]
[BlackElo "1250"]
[PlyCount "103"]
[EventDate "2004.??.??"]
[Source "ChessBase"]
[SourceDate "1996.11.15"]

1. Nf3 Nc6 2. g3 g6 3. Bg2 Bg7 4. d4 d5 5. O-O Nf6 6. Re1 Bf5 7. Bf4 O-O 8. Nc3
a6 9. e3 Nh5 10. Qd2 Nxf4 11. exf4 Nb4 12. Rac1 Nc6 13. Ne5 Nxe5 14. fxe5 c6
15. Nd1 Qb6 16. c3 Qa5 17. a3 Qb5 18. Ne3 Qd3 19. Qxd3 Bxd3 20. b3 Bh6 21. f4
g5 22. Ng4 Kg7 23. Nxh6 Kxh6 24. fxg5+ Kxg5 25. h4+ Kh6 26. Re3 Bg6 27. g4 f5
28. exf6 exf6 29. h5 Be8 30. Rf1 Rf7 31. Ref3 Kg7 32. Kh2 a5 33. Kg3 a4 34. b4
Bd7 35. Re3 Raf8 36. Kf4 Kg8 37. Rfe1 f5 38. g5 Kg7 39. Re7 b6 40. Bh3 b5 41.
R1e5 Kg8 42. h6 Bc8 43. Rxf7 Rxf7 44. Re8+ Rf8 45. Rxf8+ Kxf8 46. Bxf5 Bxf5 47.
Kxf5 Kf7 48. g6+ hxg6+ 49. Kg5 Kg8 50. Kxg6 Kh8 51. Kf6 Kh7 52. Ke6 1-0

[Event "Plzen, FSB B"]
[Site "?"]
[Date "2004.??.??"]
[Round "2.8"]
[White "Balhar, J."]
[Black "Rehak, J."]
[Result "0-1"]
[WhiteElo "1000"]
[BlackElo "1545"]
[PlyCount "54"]
[EventDate "2004.??.??"]
[Source "ChessBase"]
[SourceDate "1996.11.15"]

1. d4 Nf6 2. c4 c5 3. Nf3 g6 4. Nc3 Bg7 5. g3 O-O 6. Bg2 cxd4 7. Nxd4 Nc6 8.
O-O Qb6 9. Nc2 Rd8 10. e4 Ne5 11. b3 d6 12. h3 Nc6 13. Be3 Qa5 14. Qd2 Nd7 15.
Nd4 Nc5 16. Rad1 Ne6 17. Nde2 Qh5 18. Nd5 Bd7 19. f4 f5 20. g4 fxg4 21. Ng3 Qh4
22. Bf2 gxh3 23. Nf5 Qg4 24. Nfe3 Qh5 25. Bh1 h2+ 26. Kg2 Ng5 27. Bg3 Nxe4 0-1

[Event "Plzen, FSB B"]
[Site "?"]
[Date "2004.??.??"]
[Round "2.9"]
[White "Vachal, P."]
[Black "Palkova, K."]
[Result "0-1"]
[WhiteElo "1100"]
[BlackElo "1713"]
[PlyCount "46"]
[EventDate "2004.??.??"]
[Source "ChessBase"]
[SourceDate "1996.11.15"]

1. e4 d5 2. Nf3 dxe4 3. Ng5 Bf5 4. f3 Nf6 5. Bc4 e6 6. O-O Qd4+ 7. Kh1 Qxc4 8.
fxe4 Nxe4 9. d3 Ng3+ 10. hxg3 Qc6 11. g4 Bg6 12. Qe2 h5 13. gxh5 Bxh5 14. Qf2
Bc5 15. Be3 Bxe3 16. Qxe3 Be2+ 17. Kg1 Bxf1 18. Kxf1 Rh1+ 19. Kf2 Qxc2+ 20. Kg3
Qxb2 21. Qf3 Qe5+ 22. Qf4 Qxf4+ 23. Kxf4 Nc6 {45 tahu} 0-1